[Event "Remote-ch Class2 Gr.A email"]
[Site "Remote email"]
[Date "2014.04.20"]
[Round "?"]
[White "Klein, Tobias"]
[Black "Doderer, Harald"]
[Result "0-1"]
[WhiteElo "2168"]
[BlackElo "2467"]
[PlyCount "46"]
[EventDate "2014.??.??"]
[EventType "tourn (corr)"]
[EventRounds "10"]
[EventCountry "GER"]
[SourceTitle "Corr 2015"]
[Source "ChessBase"]
[SourceDate "2015.07.17"]
[SourceVersion "1"]
[SourceVersionDate "2015.07.17"]
[SourceQuality "1"]

1. e4 c5 2. b3 Nc6 3. Bb2 Nf6 4. e5 Nd5 5. g3 d6 6. c4 Nc7 7. exd6 Qxd6 8. Bg2 Nb4 9. d4 Bf5 10. Ne2 Nd3+ 11. Kf1 Nxb2 12. Qd2 Nd3 13. g4 Bg6 14. Bxb7 Rb8 15. Bf3 cxd4 16. Qa5 e5 17. Qxa7 Na6 18. Nd2 Qe6 19. Bd5 Qf6 20. f4 Bc5 21. g5 Qd6 22. Ne4 Qxd5 23. Qxb8+ Nxb8 0-1

[Event "Remote-ch Class2 Gr.A email"]
[Site "Remote email"]
[Date "2014.04.20"]
[Round "?"]
[White "Traut, Gerhard"]
[Black "Klein, Tobias"]
[Result "1-0"]
[WhiteElo "2351"]
[BlackElo "2168"]
[PlyCount "55"]
[EventDate "2014.??.??"]
[EventType "tourn (corr)"]
[EventRounds "10"]
[EventCountry "GER"]
[SourceTitle "Corr 2015"]
[Source "ChessBase"]
[SourceDate "2015.07.17"]
[SourceVersion "1"]
[SourceVersionDate "2015.07.17"]
[SourceQuality "1"]

1. e4 e5 2. Nf3 d6 3. d4 Nf6 4. Nc3 exd4 5. Nxd4 Nc6 6. Bb5 Bd7 7. 0-0 Be7 8. Re1 0-0 9. Bf1 Bg4 10. Be2 Qd7 11. Bxg4 Qxg4 12. f3 Qh5 13. Nf5 g6 14. g4 Qh3 15. Nxe7+ Nxe7 16. Bg5 Kg7 17. Bxf6+ Kxf6 18. Qd4+ Ke6 19. e5 d5 20. Nb5 Kd7 21. Qc5 Nc6 22. Qxd5+ Kc8 23. e6 Rd8 24. exf7 Rxd5 25. f8Q+ Rd8 26. Qf7 Qxh2+ 27. Kxh2 Rd2+ 28. Kg3 1-0

[Event "Remote No Engine Nah2-09 email"]
[Site "Remote email"]
[Date "2013.11.04"]
[Round "?"]
[White "Pirs, Matjaz"]
[Black "Klein, Tobias"]
[Result "1-0"]
[WhiteElo "2505"]
[BlackElo "2176"]
[PlyCount "37"]
[EventDate "2013.??.??"]
[EventType "tourn (corr)"]
[EventRounds "6"]
[EventCountry "GER"]
[SourceTitle "Corr 2015"]
[Source "ChessBase"]
[SourceDate "2015.07.17"]
[SourceVersion "1"]
[SourceVersionDate "2015.07.17"]
[SourceQuality "1"]

1. e4 e5 2. Nf3 Nc6 3. Bb5 Nf6 4. 0-0 Nxe4 5. d4 Nd6 6. Bxc6 dxc6 7. dxe5 Ne4 8. Qe2 Bf5 9. Rd1 Qe7 10. Na3 Rd8 11. Be3 Rxd1+ 12. Rxd1 Nc3 13. bxc3 Qxa3 14. Nd4 Bd7 15. e6 fxe6 16. Qh5+ Kd8 17. Nxe6+ Kc8 18. Qe8+ Bxe8 19. Rd8# 1-0

[Event "Remote-ch Class3 email"]
[Site "Remote email"]
[Date "2013.04.01"]
[Round "?"]
[White "Baer, Cy"]
[Black "Klein, Tobias"]
[Result "0-1"]
[WhiteElo "1836"]
[BlackElo "2160"]
[PlyCount "70"]
[EventDate "2013.??.??"]
[EventType "tourn (corr)"]
[EventRounds "6"]
[EventCountry "GER"]
[SourceTitle "Corr 2015"]
[Source "ChessBase"]
[SourceDate "2015.07.17"]
[SourceVersion "1"]
[SourceVersionDate "2015.07.17"]
[SourceQuality "1"]

1. d4 d5 2. c4 e6 3. Nc3 c6 4. Nf3 Nf6 5. a3 Be7 6. c5 0-0 7. b4 Ne4 8. Bb2 b6 9. Nxe4 dxe4 10. Ne5 Ba6 11. Qc2 f6 12. Nc4 b5 13. Na5 f5 14. f3 exf3 15. exf3 Qd5 16. 0-0-0 Bc8 17. Bd3 Bg5+ 18. Kb1 Bd8 19. Nb3 a5 20. Bc3 axb4 21. Bxb4 Na6 22. Rhe1 Nxb4 23. axb4 Bc7 24. Kb2 Bxh2 25. Na5 Qxd4+ 26. Kb3 Rxa5 27. Bxb5 Qf4 28. Bxc6 Qb8 29. Qc4 Bg3 30. Rh1 Bf2 31. Kc2 Ra3 32. Rd2 Be3 33. Rd6 Qa7 34. Kb2 Bf4 35. Rd3 Be5+ 0-1

[Event "Remote-ch Class3 email"]
[Site "Remote email"]
[Date "2013.04.01"]
[Round "?"]
[White "Preussner, Michael"]
[Black "Klein, Tobias"]
[Result "1/2-1/2"]
[WhiteElo "2264"]
[BlackElo "2160"]
[PlyCount "47"]
[EventDate "2013.??.??"]
[EventType "tourn (corr)"]
[EventRounds "6"]
[EventCountry "GER"]
[SourceTitle "Corr 2015"]
[Source "ChessBase"]
[SourceDate "2015.07.17"]
[SourceVersion "1"]
[SourceVersionDate "2015.07.17"]
[SourceQuality "1"]

1. d4 d5 2. e4 c6 3. Nc3 dxe4 4. Nxe4 Nf6 5. Nxf6+ exf6 6. Nf3 Bd6 7. Bd3 0-0 8. 0-0 Re8 9. h3 Nd7 10. Re1 Rxe1+ 11. Qxe1 Nf8 12. Bd2 Be6 13. Qe2 Ng6 14. c4 Bc7 15. Re1 a5 16. Be4 Qd7 17. b3 Rd8 18. Bc2 b5 19. d5 cxd5 20. cxb5 d4 21. Rc1 Bb6 22. Bd3 Bd5 23. Re1 Bb7 24. Qd1 1/2-1/2

[Event "Remote S7E Adv-130 email"]
[Site "Remote email"]
[Date "2013.02.22"]
[Round "?"]
[White "Klein, Tobias"]
[Black "Leisebein, Peter"]
[Result "0-1"]
[WhiteElo "2171"]
[BlackElo "2445"]
[PlyCount "74"]
[EventDate "2013.??.??"]
[EventType "tourn (corr)"]
[EventRounds "6"]
[EventCountry "GER"]
[SourceTitle "Corr 2015"]
[Source "ChessBase"]
[SourceDate "2015.07.17"]
[SourceVersion "1"]
[SourceVersionDate "2015.07.17"]
[SourceQuality "1"]

1. e4 e5 2. d4 exd4 3. f4 Nc6 4. Nf3 Bc5 5. a3 a5 6. Bd3 d6 7. 0-0 Nf6 8. f5 0-0 9. Bg5 Ne5 10. Nxe5 dxe5 11. Nd2 a4 12. Qf3 Be7 13. Bh4 b6 14. Qe2 Nd7 15. Bxe7 Qxe7 16. Rf3 Nf6 17. Rh3 Bb7 18. Qe1 Rfe8 19. Qh4 h6 20. Rc1 Ra5 21. Qg3 Kf8 22. Qe1 Ba8 23. Rh4 Ra7 24. Kh1 Qd7 25. Nc4 b5 26. Qb4+ Kg8 27. Nd2 Rb7 28. c3 c5 29. Qa5 dxc3 30. Qxc3 Rd8 31. Rh3 c4 32. Qxe5 cxd3 33. Rg3 Rb6 34. Rd1 Rd6 35. Re1 Re8 36. Qc3 Bxe4 37. Rf1 Bxf5 0-1

[Event "Remote S5E No Engine Gros.1 email"]
[Site "Remote email"]
[Date "2012.10.15"]
[Round "?"]
[White "Klein, Tobias"]
[Black "Henkel, Phil"]
[Result "1-0"]
[WhiteElo "2176"]
[BlackElo "1893"]
[PlyCount "39"]
[EventDate "2012.??.??"]
[EventType "tourn (corr)"]
[EventRounds "12"]
[EventCountry "GER"]
[SourceTitle "Corr 2015"]
[Source "ChessBase"]
[SourceDate "2015.07.17"]
[SourceVersion "1"]
[SourceVersionDate "2015.07.17"]
[SourceQuality "1"]

1. e4 e6 2. d4 d5 3. Nc3 Nf6 4. Bg5 dxe4 5. Nxe4 Be7 6. Bxf6 Bxf6 7. c3 Nd7 8. Nf3 b6 9. Bd3 Bb7 10. Qc2 Qe7 11. 0-0 0-0-0 12. a4 a5 13. b4 axb4 14. a5 bxc3 15. axb6 Nxb6 16. Qxc3 h5 17. Rfb1 Kd7 18. Nxf6+ Qxf6 19. Ne5+ Kc8 20. Rxb6 1-0

[Event "Remote S5E No Engine Gros.1 email"]
[Site "Remote email"]
[Date "2012.10.15"]
[Round "?"]
[White "Langschmidt, Dirk"]
[Black "Klein, Tobias"]
[Result "0-1"]
[WhiteElo "2035"]
[BlackElo "2176"]
[PlyCount "60"]
[EventDate "2012.??.??"]
[EventType "tourn (corr)"]
[EventRounds "12"]
[EventCountry "GER"]
[SourceTitle "Corr 2015"]
[Source "ChessBase"]
[SourceDate "2015.07.17"]
[SourceVersion "1"]
[SourceVersionDate "2015.07.17"]
[SourceQuality "1"]

1. e4 c6 2. d4 d5 3. exd5 cxd5 4. c4 Nf6 5. Nc3 Nc6 6. Bg5 e6 7. c5 Be7 8. Bb5 0-0 9. Bxc6 bxc6 10. Nf3 Ne4 11. Bxe7 Qxe7 12. 0-0 Nxc3 13. bxc3 Ba6 14. Re1 Rab8 15. Ne5 Qc7 16. Qa4 Bb5 17. Qc2 f6 18. Nf3 Rfe8 19. a4 Ba6 20. Rab1 Rxb1 21. Rxb1 e5 22. Qb3 h6 23. h3 e4 24. Nd2 Qf4 25. Nf1 Bd3 26. Re1 Rb8 27. Qa2 Kh7 28. Ne3 Qg5 29. c4 dxc4 30. Nxc4 Qd5 0-1

[Event "Remote S5E No Engine Gros.1 email"]
[Site "Remote email"]
[Date "2012.10.15"]
[Round "?"]
[White "Schmitt, Harald"]
[Black "Klein, Tobias"]
[Result "0-1"]
[WhiteElo "2096"]
[BlackElo "2176"]
[PlyCount "42"]
[EventDate "2012.??.??"]
[EventType "tourn (corr)"]
[EventRounds "12"]
[EventCountry "GER"]
[SourceTitle "Corr 2015"]
[Source "ChessBase"]
[SourceDate "2015.07.17"]
[SourceVersion "1"]
[SourceVersionDate "2015.07.17"]
[SourceQuality "1"]

1. d4 Nf6 2. c4 e6 3. Nc3 Bb4 4. Qc2 0-0 5. Bg5 c5 6. dxc5 Qa5 7. Bxf6 gxf6 8. e3 Bxc3+ 9. bxc3 Na6 10. Bd3 f5 11. g4 fxg4 12. Bxh7+ Kg7 13. h3 g3 14. fxg3 f5 15. Ne2 Kxh7 16. g4 Nxc5 17. gxf5 Qa4 18. Qb1 exf5 19. Rg1 Qxc4 20. Qc2 Qe4 21. Qd1 Nd3+ 0-1

[Event "Remote S7E Pioneer-50 email"]
[Site "Remote email"]
[Date "2012.09.22"]
[Round "?"]
[White "Guelker, Lorenz"]
[Black "Klein, Tobias"]
[Result "1/2-1/2"]
[WhiteElo "2143"]
[BlackElo "2171"]
[PlyCount "53"]
[EventDate "2012.??.??"]
[EventType "tourn (corr)"]
[EventRounds "6"]
[EventCountry "GER"]
[SourceTitle "Corr 2015"]
[Source "ChessBase"]
[SourceDate "2015.07.17"]
[SourceVersion "1"]
[SourceVersionDate "2015.07.17"]
[SourceQuality "1"]

1. d4 Nc6 2. d5 Ne5 3. e4 e6 4. Nf3 Nxf3+ 5. Qxf3 Nf6 6. Be2 exd5 7. exd5 Bd6 8. 0-0 0-0 9. Nc3 Be5 10. Re1 d6 11. h3 Nd7 12. Ne4 f5 13. Nd2 Qf6 14. Qa3 b6 15. Nf3 Bb7 16. Bb5 Nc5 17. Nxe5 dxe5 18. b4 Ne4 19. Qb3 Qd6 20. f3 Ng3 21. Bb2 e4 22. Bc6 Bxc6 23. dxc6+ Kh8 24. Rad1 Qxc6 25. Kh2 Qg6 26. Be5 Nh5 27. fxe4 1/2-1/2

[Event "Remote S7E Adv-120 email"]
[Site "Remote email"]
[Date "2012.03.02"]
[Round "?"]
[White "Fernandez Ballon, Armel"]
[Black "Klein, Tobias"]
[Result "1/2-1/2"]
[WhiteElo "2489"]
[BlackElo "2171"]
[PlyCount "63"]
[EventDate "2012.??.??"]
[EventType "tourn (corr)"]
[EventRounds "6"]
[EventCountry "GER"]
[SourceTitle "Corr 2015"]
[Source "ChessBase"]
[SourceDate "2015.07.17"]
[SourceVersion "1"]
[SourceVersionDate "2015.07.17"]
[SourceQuality "1"]
[WhiteTeam "Peru"]
[WhiteTeamCountry "PER"]

1. d4 d5 2. Bf4 c5 3. e3 Nf6 4. Nf3 Nc6 5. c3 Qb6 6. Qb3 c4 7. Qxb6 axb6 8. Nbd2 b5 9. Be2 b4 10. cxb4 Nxb4 11. 0-0 Nxa2 12. Nxc4 dxc4 13. Bxc4 Be6 14. Bxe6 fxe6 15. Ne5 Ra6 16. Nd3 Nd7 17. b4 g6 18. b5 Ra4 19. Nc1 Nc3 20. Rxa4 Nxa4 21. Nd3 Nc3 22. b6 Ne2+ 23. Kh1 Nxf4 24. Nxf4 Kf7 25. Rc1 Nxb6 26. Rb1 Nd5 27. g3 b6 28. Nxd5 exd5 29. Rxb6 Bg7 30. Kg2 Ra8 31. Kf3 Ra2 32. Rb7 1/2-1/2